Boeing 767 operators as of February 2025 - Statistics

General Stats
  • This quiz has been taken 197 times
  • The average score is 8 of 23
Answer Stats
Number Airline % Correct
61 Delta Air Lines
88%
53 United Airlines
87%
27 Japan Airlines
70%
4 Icelandair
67%
21 ANA
62%
8 Air Canada
58%
3 Austrian
39%
9 LATAM Airlines
33%
2 Asiana Airlines
30%
6 Uzbekistan Airways
27%
3 Air Astana
26%
6 Air Do
24%
3 Azerbaijan Airlines
23%
3 UTair
17%
2 Air Niugini
15%
7 Azur Air
15%
1 Air Zimbabwe
14%
2 EuroAtlantic Airways
14%
1 MIAT Mongolian Airlines
13%
1 Ukraine International Airlines
12%
2 Boliviana de Aviación
11%
3 Eastern Airlines
11%
2 Jordan Aviation
6%
No matching quizzes found
Score Distribution
Percent of People with Each Score
Percentile by Number Answered
Your Score History
You have not taken this quiz